000 00591nam a22001937a 4500
003 KOHA_MİRAKIL
005 20240930101024.0
008 240929b2016 tu ||||| |||| 00| 0 tur d
020 _a9786059844734
040 _aTR-AnABB
_btur
_cTR-AnABB
041 _atur
082 _a297.85
_bIBN 2016
100 _aİbn-i Kayyım el-Cevziyye,
_d1292-1350.
245 0 _aTehlikeli tuzaklar /
_cİbn Kayyım el-Cevziyye ; tercüme ve tahriç : Ersan Urcan.
260 _aİstanbul :
_bÇelik Yayınevi,
_c2016.
300 _a208 sayfa ;
_c20 cm.
650 _aDin, İslam, vaazlar
942 _2ddc
_cBK
999 _c2551
_d2551